Načítá se...
A Fearless Champion of the Truth
| Hlavní autor: | |
|---|---|
| Médium: | Printed Book |
| Vydáno: |
Moscow;
Progress Publishers;
1977
|
| Témata: |
| LEADER | 00492nam a22001337a 4500 | ||
|---|---|---|---|
| 082 | |a 822 |b SHA/F L7 | ||
| 100 | |a Shaw, Bernard George |9 265951 | ||
| 245 | |a A Fearless Champion of the Truth | ||
| 260 | |a Moscow; |b Progress Publishers; |c 1977 | ||
| 300 | |a 420p. | ||
| 650 | |a English Drama; English Literature |9 301949 | ||
| 942 | |c BK | ||
| 999 | |c 73364 |d 73364 | ||
| 952 | |0 0 |1 0 |4 0 |6 822_000000000000000_SHA_F_L7 |7 0 |8 EngDrama |9 86524 |a MAL |b MAL |d 2017-01-18 |e 35649 |l 0 |o 822 SHA/F L7 |p MAL035649 |r 2017-01-18 |t 1 |w 2017-01-18 |y BK | ||